Guru Tegh Bahadur/ (Record no. 200463)

MARC details
000 -LEADER
fixed length control field 00730nam a22002057a 4500
005 - DATE AND TIME OF LATEST TRANSACTION
control field 20240131113913.0
010 ## - LCCN (DPL NO)
LC control number ENG-139099
020 ## - INTERNATIONAL STANDARD BOOK NUMBER
Terms of availability 875.00
International Standard Book Number 9789354094521
035 ## - SYSTEM CONTROL NUMBER
System control number EN-122631
037 ## - SOURCE OF ACQUISITION
Source of stock number/acquisition DBAD/PUB
082 ## - DEWEY DECIMAL CLASSIFICATION NUMBER
Classification number 260.33
100 ## - MAIN ENTRY--PERSONAL NAME
Personal name Singh, Dr. Dharam
245 ## - TITLE STATEMENT
Title Guru Tegh Bahadur/
Statement of responsibility, etc by Dr. Dharam Singh, Dr. Paramvir Singh; edited by Roma Chatterjee
Remainder of title His Life, Travels and Message/
250 ## - EDITION STATEMENT
Edition statement
260 ## - PUBLICATION, DISTRIBUTION, ETC. (IMPRINT)
Place of publication, distribution, etc New Delhi
Name of publisher, distributor, etc The Director General, Publications Division,
Date of publication, distribution, etc 2022
270 ## - ADDRESS
City New Delhi
Address Soochna Bhawan, C.G.O. Complex, Lodhi Road, New Delhi
Postal code 110003
300 ## - PHYSICAL DESCRIPTION
Extent 195p.
Dimensions 29cm(pbk)
700 ## - ADDED ENTRY--PERSONAL NAME
Personal name Singh, Dr. Paramvir
Relator term Author
9 (RLIN) 61475
942 ## - ADDED ENTRY ELEMENTS (KOHA)
Source of classification or shelving scheme Dewey Decimal Classification
Item type English Books
Classification part 260.33
Call number suffix SIN

No items available.


© Delhi Public Library
Hit Counter
free hit counter